000 00369nam a2200109Ia 4500
008 171212s9999 xx 000 0 und d
020 _a9780745335858
245 _ceditor Chernomas, Robert;Hudson, Ian
_aThe Profit Doctrine
_bEconomists of the Neoliberal Era
260 _bPluto Books
_c2017
650 _aPolitical Science
856 _uhttp://jstor.org/stable/j.ctt1jktsbd
999 _c351618
_d351618